Statistics for UK Charts 2018 (Top 100)

Click here to take the quiz!

General Stats

  • This quiz has been taken 34 times
  • The average score is 31 of 100

Answer Stats

ArtistSong Name% Correct
George EzraShotgun
83%
Calvin Harris & Dua LipaOne Kiss
76%
Ed SheeranShape of You
76%
Keala Settle & The Greatest Showman EnsembleThis Is Me
72%
Camila Cabello Ft Young ThugHavana
69%
Dua LipaNew Rules
69%
Post Malone Ft 21 Savagerockstar
69%
Ed SheeranPerfect
66%
Maroon 5 Ft Cardi BGirls Like You
62%
Juice WrldLucid Dreams
62%
Lady Gaga & Bradley CooperShallow
62%
XXXTentacionSAD!
59%
Lil Dicky Ft Chris BrownFreaky Friday
55%
DrakeGod's Plan
55%
Panic! At The DiscoHigh Hopes
55%
Portugal. The ManFeel It Still
52%
Marshmello & Anne-MarieFriends
52%
Ariana GrandeNo Tears Left To Cry
52%
Anne-Marie2002
48%
George EzraParadise
48%
Calvin Harris & Sam SmithPromises
48%
Dua LipaIdgaf
45%
Cardi B, Bad Bunny & J BalvinI Like It
45%
Bruno Mars & Cardi BFinesse
41%
Post Malone Ft Swae LeeSunflower
41%
Rudimental Ft Jess Glynne, Macklemore & Dan CaplenThese Days
41%
Benny Blanco, Halsey & KhalidEastside
38%
Dave & FredoFunky Friday
38%
Ariana GrandeGod is a woman
38%
Marshmello & BastilleHappier
38%
5 Seconds Of SummerYoungblood
38%
Kendrick Lamar & SZAAll The Stars
34%
Tiesto & Dzeko Ft Preme & Post MaloneJackie Chan
34%
Tom WalkerLeave a Light On
34%
Bebe Rexha Ft Florida Georgia LineMeant to Be
34%
Eminem Ft Ed SheeranRiver
34%
Clean Bandit Ft Demi LovatoSolo
34%
Hugh Jackman, Keala Settle, Zac Efron, Zendaya & The Greatest Showman EnsembleThe Greatest Show
34%
DrakeIn My Feelings
31%
Camila CabelloNever Be the Same
31%
Zedd, Maren Morris & GreyThe Middle
31%
HalseyWithout Me
31%
MK17
28%
PinkfongBaby Shark
28%
RamzBarking
28%
KhalidBetter
28%
Post MaloneBetter Now
28%
Silk City & Dua Lipa Ft Diplo & Mark RonsonElectricity
28%
David Guetta & SiaFlames
28%
Jess GlynneI'll Be There
28%
Dynoro & Gigi D'AgostinoIn My Mind
28%
Sigala & Paloma FaithLullaby
28%
DrakeNice For What
28%
Post Malone Ft Ty Dolla $ignPsycho
28%
Travis ScottSicko Mode
28%
Tyga Ft OffsetTaste
28%
Rita OraAnywhere
24%
Loud Luxury Ft brandoBody
24%
Liam Payne & Rita OraFor You
24%
Khalid & NormaniLove Lies
24%
Not3SMy Lover
24%
Justin Timberlake Ft Chris StapletonSay Something
24%
Jess GlynneThursday
24%
Selena GomezBack To You
21%
Jax Jones Ft Ina WroldsenBreathe
21%
Years & YearsIf You're Over Me
21%
Kanye West & Lil PumpI Love It
21%
Freya RidingsLost Without You
21%
Jonas Blue Ft Jack & JackRise
21%
Little Mix Ft Nicki MinajWoman Like Me
21%
Jess GlynneAll I Am
17%
Banx & Ranx & Ella Eyre Ft Yxng BaneAnswerphone
17%
Dean LewisBe Alright
17%
Liam Payne & J BalvinFamiliar
17%
Mabel Ft Not3SFine Line
17%
Clean Bandit Ft Julia MichaelsI Miss You
17%
Hailee Steinfeld & Alesso Ft Florida Georgia Line & WattLet Me Go
17%
Rita OraLet You Love Me
17%
Dennis LloydNevermind
17%
Jason Derulo Ft French MontanaTip Toe
17%
M.O, Lotto Boyzz & Mr EaziBad Vibe
14%
EOGerman
14%
Shawn MendesIn My Blood
14%
B YoungJumanji
14%
Sigala, Ella Eyre & Meghan Trainor Ft French MontanaJust Got Paid
14%
BlocBoy JB Ft DrakeLook Alive
14%
Loren AllredNever Enough
14%
SigridStrangers
14%
Kodak Black Ft Travis Scott & OffsetZeze
14%
B Young079ME
10%
MK, Jonas Blue & Becky HillBack & Forth
10%
AJ Tracey & Not3sButterflies
10%
M-22 Ft MedinaFirst Time
10%
Shakka Ft AlunageorgeMan Down
10%
Ziv Zaifman, Hugh Jackman & Michelle WilliamsA Million Dreams
7%
Fredo, Young T & BugseyAy Caramba
7%
Craig David Ft BastilleI Know You
7%
Hardy Caprio Ft One AcenBest Life
3%
Stormzy Ft MnekBlinded By Your Grace, Pt. 2
3%
A$AP Rocky Ft SkeptaPraise The Lord (Da Shine)
3%

Score Distribution

Percentile by Number Answered

Percent of People with Each Score

Your Score History

You have not taken this quiz